Za sloupy Héraklovými /

O osudu našeho světa se rozhodne v ruinách města, které do něj už dávno nepatří. Válečná sci-fi českého autora.

Hlavní autor: Mařík, Jakub, 1981-
Jazyk: Čeština
Vydáno: Praha : Mystery Press, 2025
Vydání: I. vydání
Témata:
Fyzický popis: 328 stran ; 20 cm
Knihy
Uloženo v:
LEADER 02367nam a2200397 i 4500
001 nkc20253719757
003 CZ PrNK
005 20260112181713.0
007 ta
008 251107s2025 xr g 000 f cze
015 |a cnb003719757 
020 |a 978-80-7588-950-8  |q (brožováno) 
035 |a (OCoLC)1572322516 
040 |a ABG001  |b cze  |e rda 
072 7 |a 821.162.3-3  |x Česká próza  |2 Konspekt  |9 25 
080 |a 821.162.3-31  |2 MRF 
080 |a (0:82-311.9)  |2 MRF 
100 1 |a Mařík, Jakub,  |d 1981-  |7 xx0073715  |4 aut 
245 1 0 |a Za sloupy Héraklovými /  |c Jakub Mařík 
250 |a I. vydání 
264 1 |a Praha :  |b Mystery Press,  |c 2025 
300 |a 328 stran ;  |c 20 cm 
336 |a text  |b txt  |2 rdacontent 
337 |a bez média  |b n  |2 rdamedia 
338 |a svazek  |b nc  |2 rdacarrier 
520 2 |a O osudu našeho světa se rozhodne v ruinách města, které do něj už dávno nepatří. Válečná sci-fi českého autora.  |b 18. října 1940. Transatlantický konvoj je přepaden německými ponorkami. Mezi potopenými plavidly je i nákladní loď Creekirk s kompletní posádkou. Když je však později nalezen záchranný člun s dvojicí mrtvých námořníků, ukáže se, že Creekirk potkal podstatně horší osud než torpéda. Britské námořnictvo vyšle torpédoborec se speciální jednotkou pod velením majora Crosslanda, aby incident prošetřila. Pátrání vojáky zavede až k legendárnímu ostrovu, který různé civilizace obdařily mnoha jmény: Hy-Brasil, Rocabarraigh, Avalon... Crosslandův tým ale není první, kdo ostrov po tisících letech objevil. Prastarý přístav se pomalu mění v německou ponorkovou základnu, zatímco nacisté v ruinách paláců jednají s děsivými spojenci. Plány jim může překazit pouze malý oddíl commandos, jehož členové netuší, že proti nim nebudou stát pouze Němci, ale i monstra z dávných mýtů. Nakladatelská anotace. Kráceno. 
655 7 |a české romány  |7 fd133974  |2 czenas 
655 7 |a vědecko-fantastické romány  |7 fd133847  |2 czenas 
655 9 |a Czech fiction  |2 eczenas 
655 9 |a science fiction novels  |2 eczenas 
910 2 |a BOA001  |b 1-1555.054 
920 |a 5172537  |z ABG001 
990 |a BK 
995 |a 01 
991 |b 202512  |c NOV 
996 6 |b 2611019319  |c 1-1555.054  |l MZK  |r Sklad / do 1 hodiny  |n 0  |p p.v.  |w 002027563  |u 000010  |a 1  |e BOA001  |j MZK50  |s P